• 首页
  • 本馆介绍
  • 公告通知
  • 最新文献
  • 馆藏检索
  • 电子资源
  • 读者导购
  • 参考咨询
  • 我的图书馆
  • 登录
  • 详细信息显示
  • 放入我的书架
  • 预约/预借图书
  • 作者相关作品
  • 分类相关作品
  • 丛书相关作品
  • 出版社相关作品

书目信息

  • 表格格式
  • 工作单格式
  • 卡片格式
题名:
王均语言学论文集
    
 
作者: 王均 著
分册:  
出版信息: 北京   商务印书馆  2004
页数: 478页
开本: 20cm
丛书名:
单 册:
中图分类: H0-53
科图分类:
主题词: 语言学--文集
电子资源:
ISBN: 7-100-03718-2
000 00739nam0 2200217 450
001 TS2006043198
005 20061205142246.93
010    @a7-100-03718-2@dCNY25.00
100    @a20060829d2004 emky0chiy0120 ea
101 0  @achi
102    @aCN@b110000
105    @ay z 000yy
200 1  @a王均语言学论文集@AWang Jun Yu Yan Xue Lun Wen Ji@f王均著@FWang Jun Zhu
210    @a北京@c商务印书馆@d2004
215    @a478页@d20cm
330    @a该书共收入近50篇论文,这些文章分为五组。即有关少数民族语文研究和语文工作;有关汉语文工作的看法;有关语文教育;书评和序言以及纪念恩师和挚友的文章。
606 0  @a语言学@x文集
690    @aH0-53@v4
701  0 @a王均@AWang Jun@f(1922~)@4著
801  0 @aCN@b中图数据@c20061205
905    @a10447@dH0-53@e147
    
    王均语言学论文集/王均著.-北京:商务印书馆,2004
    478页;20cm
    
    
    ISBN 7-100-03718-2:CNY25.00
    该书共收入近50篇论文,这些文章分为五组。即有关少数民族语文研究和语文工作;有关汉语文工作的看法;有关语文教育;书评和序言以及纪念恩师和挚友的文章。
●
相关链接 在E读中查询图书 在五车中查询图书 在当当中查询图书 在豆瓣中查询图书


正题名:王均语言学论文集     索取号:H0-53/147         预约/预借

序号 登录号 条形码 馆藏地/架位号 状态 备注
1 0601293   206012937   第二样本阅览室/ [索取号:H0-53/147] 在馆    
2 0601294   206012946   第四借阅区/ [索取号:H0-53/147] 在馆    
3 0601295   206012955   第四借阅区/ [索取号:H0-53/147] 在馆    
唐山师范学院图书馆 欢迎您!
大连网信软件有限公司© 版权所有